000 01720nam a22002057a 4500
005 20240828101605.0
008 240828b ||||| |||| 00| 0 eng d
020 _a9788174365804
040 _cAL
041 _aeng
082 _223
_a302.231
_bTREP
100 _aMadhu Trehan
_9178042
245 _aPrism me a lie tell me a truth
_b: tehelka as metaphor
260 _aNew Delhi
_bRoli Books
_c2009
300 _axxiii,587p.
_bHB
_c25.3x17cm.
365 _2General
520 _aIn March 2001, the website Tehelka broke Operation West End, the biggest undercover news story in Indian journalism.Using spycams and masquerading as arms dealers, Tehelka's reporters infiltrated the Indian government, bribed army officers,gave money to the president of the ruling party and the defence minister's close colleague right in the defence minister's residence. This eventually forced both the minister's resignations. In a rigorously researched and searing authentic account of the Tehelka expose and its aftermath, Madhu trehan does a forensic study of the imperatives at the root of it, the characters and heroes andvillans of the story, and of how the system got back:by obfuscating, by attempting to destroy Tehelka and its investors. Trehan shows how the goverment used instruments of democracy to destroy the investors without leaving any footprints.In the style of Roshomon, the story is related by numerous participants of the same incidents and, of course,none of the stories tally. With exhuastive personal interviews, this is a must-read for anybody who wants to understand modern India- or even better, modern international journalism.
650 _2Communication
_aDigital Media
_9178043
942 _2ddc
_cBK
999 _c231612
_d231612